ბათუმის შოთა რუსთაველის სახელმწიფო უნივერსიტეტის ბიბლიოთეკა

თეორია საქართველოს ეკლესიის პროზელიტიზმის შესახებ და მისი კრიტიკა. (ბიბ.ჩანაწერი № 43398)

000 -LEADER
fixed length control field 00961nam a2200193Ia 4500
001 - CONTROL NUMBER
control field 10126
003 - CONTROL NUMBER IDENTIFIER
control field GE_BSU
008 - FIXED-LENGTH DATA ELEMENTS--GENERAL INFORMATION
fixed length control field 181216s||||||||xx |||||||||||||| ||und||
040 ## - CATALOGING SOURCE
Transcribing agency GE_BSU
080 ## - UNIVERSAL DECIMAL CLASSIFICATION NUMBER
Universal Decimal Classification number 271.22(479.22)(09)+27-184.35+27-184.5
100 ## - MAIN ENTRY--PERSONAL NAME
Personal name ჯაფარიძე,ანანია მიტროპოლიტი
245 ## - TITLE STATEMENT
Title თეორია საქართველოს ეკლესიის პროზელიტიზმის შესახებ და მისი კრიტიკა.
245 ## - TITLE STATEMENT
Remainder of title საქ–ს საპატრიარქოს მანგლის–წალკის ეპარქია
260 ## - PUBLICATION, DISTRIBUTION, ETC.
Place of publication, distribution, etc. თბილისი
260 ## - PUBLICATION, DISTRIBUTION, ETC.
Date of publication, distribution, etc. 2007
300 ## - PHYSICAL DESCRIPTION
Extent 31გვ.20სმ.
653 ## - INDEX TERM--UNCONTROLLED
Uncontrolled term თეორია საქართველოს ეკლესიის პროზელიტიზმის შესახებ და მისი კრიტიკა.
942 ## - ADDED ENTRY ELEMENTS (KOHA)
Koha item type წიგნი
ეგზემპლარები
Withdrawn status Lost status Damaged status Not for loan Date acquired Barcode Date last seen Price effective from Koha item type
        2018-12-17 18717 2018-12-17 2018-12-17 წიგნი
        2018-12-17 18718 2018-12-17 2018-12-17 წიგნი